Návrh robustného riadenia pre laboratórny chemický reaktor

Saved in:
Bibliographic Details
Main Author: Slávik, Michal (Author)
Other Authors: Oravec, Juraj (Thesis advisor)
Format: Manuscript Book
Language:Slovak
Published: 2018
Subjects:
Online Access:http://is.stuba.sk/zp/portal_zp.pl?podrobnosti=139430
Tags: Add Tag
No Tags, Be the first to tag this record!

MARC

LEADER 00000ntm a22000003a 4500
001 stuzp69833
003 SK-STU
005 20180623211051.1
007 ta
008 150427s2015----xo-----f-mn---000-0-slo-d
040 |a STU  |b slo 
041 0 |a slo 
100 1 |a Slávik, Michal  |u 047000  |4 aut  |U FCHPT Fakulta chemickej a potravinárskej technológie  |T FCHPT Ústav informatizácie, automatizácie a matematiky  |X 72356  |U C7000  |Y 105  |7 72356 
242 0 1 |a Robust Control Design for the Laboratory Chemical Reactor  |y eng 
245 1 0 |a Návrh robustného riadenia pre laboratórny chemický reaktor 
260 |c 2018 
650 4 |a laboratórny chemický reaktor  |2 slo 
650 4 |a neutralizácia  |2 slo 
650 4 |a identifikácia  |2 slo 
650 4 |a intervalové neurčitosti  |2 slo 
650 4 |a robustné prediktívne riadenie  |2 slo 
650 4 |a kvalita riadenia  |2 slo 
650 4 |a neutralization  |2 eng 
650 4 |a identification  |2 eng 
650 4 |a robust model predictive control  |2 eng 
650 4 |a laboratory chemical reactor  |2 eng 
650 4 |a interval uncertainties  |2 eng 
650 4 |a control performance  |2 eng 
700 1 |a Oravec, Juraj  |u 047220  |k Z1  |4 ths  |U FCHPT Ústav informatizácie, automatizácie a matematiky  |T FCHPT Oddelenie informatizácie a riadenia procesov  |X 26399  |U C7220  |Y 121  |7 A000026399 
856 4 |u http://is.stuba.sk/zp/portal_zp.pl?podrobnosti=139430